<?xml version="1.0" encoding="UTF-8"?>
<record
    xmlns:xsi="http://www.w3.org/2001/XMLSchema-instance"
    xsi:schemaLocation="http://www.loc.gov/MARC21/slim http://www.loc.gov/standards/marcxml/schema/MARC21slim.xsd"
    xmlns="http://www.loc.gov/MARC21/slim">

  <leader>00506nam a2200193   4500</leader>
  <controlfield tag="003">SEACOMEC</controlfield>
  <controlfield tag="005">20251105122831.0</controlfield>
  <controlfield tag="008">251105b        |||||||| |||| 00| 0 eng d</controlfield>
  <datafield tag="020" ind1=" " ind2=" ">
    <subfield code="a">9780070669307</subfield>
    <subfield code="c">300.00</subfield>
  </datafield>
  <datafield tag="040" ind1=" " ind2=" ">
    <subfield code="a">SEACOMEC</subfield>
  </datafield>
  <datafield tag="082" ind1=" " ind2=" ">
    <subfield code="a">621.3</subfield>
    <subfield code="b">C435</subfield>
  </datafield>
  <datafield tag="100" ind1=" " ind2=" ">
    <subfield code="a">Chakrabarti, Abhijit</subfield>
  </datafield>
  <datafield tag="245" ind1=" " ind2=" ">
    <subfield code="a">Basic Electrical Engineering</subfield>
    <subfield code="c">Abhijit Chakrabarti</subfield>
  </datafield>
  <datafield tag="260" ind1=" " ind2=" ">
    <subfield code="a">New Delhi </subfield>
    <subfield code="b">TMH</subfield>
    <subfield code="c">2009</subfield>
  </datafield>
  <datafield tag="650" ind1=" " ind2=" ">
    <subfield code="a">Electrical Engineering</subfield>
  </datafield>
  <datafield tag="700" ind1=" " ind2=" ">
    <subfield code="a">Nath, Sudipta</subfield>
  </datafield>
  <datafield tag="700" ind1=" " ind2=" ">
    <subfield code="a">Chanda, C.K</subfield>
  </datafield>
  <datafield tag="942" ind1=" " ind2=" ">
    <subfield code="c">BOOK</subfield>
  </datafield>
  <datafield tag="952" ind1=" " ind2=" ">
    <subfield code="0">0</subfield>
    <subfield code="1">0</subfield>
    <subfield code="2">ddc</subfield>
    <subfield code="4">0</subfield>
    <subfield code="7">0</subfield>
    <subfield code="a">SEACOMEC</subfield>
    <subfield code="b">SEACOMEC</subfield>
    <subfield code="d">2025-11-05</subfield>
    <subfield code="l">0</subfield>
    <subfield code="o">621.3 C435</subfield>
    <subfield code="p">13132</subfield>
    <subfield code="r">2025-11-05 12:28:44</subfield>
    <subfield code="w">2025-11-05</subfield>
    <subfield code="y">REF</subfield>
  </datafield>
  <datafield tag="952" ind1=" " ind2=" ">
    <subfield code="0">0</subfield>
    <subfield code="1">0</subfield>
    <subfield code="2">ddc</subfield>
    <subfield code="4">0</subfield>
    <subfield code="7">0</subfield>
    <subfield code="a">SEACOMEC</subfield>
    <subfield code="b">SEACOMEC</subfield>
    <subfield code="d">2025-11-05</subfield>
    <subfield code="l">1</subfield>
    <subfield code="o">621.3 C435</subfield>
    <subfield code="p">13133</subfield>
    <subfield code="r">2026-04-10 11:22:28</subfield>
    <subfield code="s">2026-03-18</subfield>
    <subfield code="t">1</subfield>
    <subfield code="w">2025-11-05</subfield>
    <subfield code="y">BOOK</subfield>
  </datafield>
  <datafield tag="952" ind1=" " ind2=" ">
    <subfield code="0">0</subfield>
    <subfield code="1">0</subfield>
    <subfield code="2">ddc</subfield>
    <subfield code="4">0</subfield>
    <subfield code="7">0</subfield>
    <subfield code="a">SEACOMEC</subfield>
    <subfield code="b">SEACOMEC</subfield>
    <subfield code="d">2025-11-05</subfield>
    <subfield code="l">0</subfield>
    <subfield code="o">621.3 C435</subfield>
    <subfield code="p">13134</subfield>
    <subfield code="r">2025-11-05 12:29:06</subfield>
    <subfield code="t">2</subfield>
    <subfield code="w">2025-11-05</subfield>
    <subfield code="y">BOOK</subfield>
  </datafield>
  <datafield tag="952" ind1=" " ind2=" ">
    <subfield code="0">0</subfield>
    <subfield code="1">0</subfield>
    <subfield code="2">ddc</subfield>
    <subfield code="4">0</subfield>
    <subfield code="7">0</subfield>
    <subfield code="a">SEACOMEC</subfield>
    <subfield code="b">SEACOMEC</subfield>
    <subfield code="d">2025-11-05</subfield>
    <subfield code="l">0</subfield>
    <subfield code="o">621.3 C435</subfield>
    <subfield code="p">13135</subfield>
    <subfield code="r">2025-11-05 12:29:06</subfield>
    <subfield code="t">3</subfield>
    <subfield code="w">2025-11-05</subfield>
    <subfield code="y">BOOK</subfield>
  </datafield>
  <datafield tag="952" ind1=" " ind2=" ">
    <subfield code="0">0</subfield>
    <subfield code="1">0</subfield>
    <subfield code="2">ddc</subfield>
    <subfield code="4">0</subfield>
    <subfield code="7">0</subfield>
    <subfield code="a">SEACOMEC</subfield>
    <subfield code="b">SEACOMEC</subfield>
    <subfield code="d">2025-11-05</subfield>
    <subfield code="l">1</subfield>
    <subfield code="o">621.3 C435</subfield>
    <subfield code="p">13136</subfield>
    <subfield code="r">2026-04-06 15:27:07</subfield>
    <subfield code="s">2026-04-02</subfield>
    <subfield code="t">4</subfield>
    <subfield code="w">2025-11-05</subfield>
    <subfield code="y">BOOK</subfield>
  </datafield>
  <datafield tag="952" ind1=" " ind2=" ">
    <subfield code="0">0</subfield>
    <subfield code="1">0</subfield>
    <subfield code="2">ddc</subfield>
    <subfield code="4">0</subfield>
    <subfield code="7">0</subfield>
    <subfield code="a">SEACOMEC</subfield>
    <subfield code="b">SEACOMEC</subfield>
    <subfield code="d">2025-11-05</subfield>
    <subfield code="l">1</subfield>
    <subfield code="o">621.3 C435</subfield>
    <subfield code="p">13137</subfield>
    <subfield code="q">2026-04-01</subfield>
    <subfield code="r">2026-03-18 15:22:36</subfield>
    <subfield code="s">2026-03-18</subfield>
    <subfield code="t">5</subfield>
    <subfield code="w">2025-11-05</subfield>
    <subfield code="y">BOOK</subfield>
  </datafield>
  <datafield tag="952" ind1=" " ind2=" ">
    <subfield code="0">0</subfield>
    <subfield code="1">0</subfield>
    <subfield code="2">ddc</subfield>
    <subfield code="4">0</subfield>
    <subfield code="7">0</subfield>
    <subfield code="a">SEACOMEC</subfield>
    <subfield code="b">SEACOMEC</subfield>
    <subfield code="d">2025-11-05</subfield>
    <subfield code="l">0</subfield>
    <subfield code="o">621.3 C435</subfield>
    <subfield code="p">13138</subfield>
    <subfield code="r">2025-11-05 12:29:06</subfield>
    <subfield code="t">6</subfield>
    <subfield code="w">2025-11-05</subfield>
    <subfield code="y">BOOK</subfield>
  </datafield>
  <datafield tag="952" ind1=" " ind2=" ">
    <subfield code="0">0</subfield>
    <subfield code="1">0</subfield>
    <subfield code="2">ddc</subfield>
    <subfield code="4">0</subfield>
    <subfield code="7">0</subfield>
    <subfield code="a">SEACOMEC</subfield>
    <subfield code="b">SEACOMEC</subfield>
    <subfield code="d">2025-11-05</subfield>
    <subfield code="l">0</subfield>
    <subfield code="o">621.3 C435</subfield>
    <subfield code="p">13139</subfield>
    <subfield code="r">2025-11-05 12:29:06</subfield>
    <subfield code="t">7</subfield>
    <subfield code="w">2025-11-05</subfield>
    <subfield code="y">BOOK</subfield>
  </datafield>
  <datafield tag="952" ind1=" " ind2=" ">
    <subfield code="0">0</subfield>
    <subfield code="1">0</subfield>
    <subfield code="2">ddc</subfield>
    <subfield code="4">0</subfield>
    <subfield code="7">0</subfield>
    <subfield code="a">SEACOMEC</subfield>
    <subfield code="b">SEACOMEC</subfield>
    <subfield code="d">2025-11-05</subfield>
    <subfield code="l">0</subfield>
    <subfield code="o">621.3 C435</subfield>
    <subfield code="p">13140</subfield>
    <subfield code="r">2025-11-05 12:29:06</subfield>
    <subfield code="t">8</subfield>
    <subfield code="w">2025-11-05</subfield>
    <subfield code="y">BOOK</subfield>
  </datafield>
  <datafield tag="952" ind1=" " ind2=" ">
    <subfield code="0">0</subfield>
    <subfield code="1">0</subfield>
    <subfield code="2">ddc</subfield>
    <subfield code="4">0</subfield>
    <subfield code="7">0</subfield>
    <subfield code="a">SEACOMEC</subfield>
    <subfield code="b">SEACOMEC</subfield>
    <subfield code="d">2025-11-05</subfield>
    <subfield code="l">1</subfield>
    <subfield code="o">621.3 C435</subfield>
    <subfield code="p">13141</subfield>
    <subfield code="q">2026-04-01</subfield>
    <subfield code="r">2026-03-18 15:21:41</subfield>
    <subfield code="s">2026-03-18</subfield>
    <subfield code="t">9</subfield>
    <subfield code="w">2025-11-05</subfield>
    <subfield code="y">BOOK</subfield>
  </datafield>
  <datafield tag="952" ind1=" " ind2=" ">
    <subfield code="0">0</subfield>
    <subfield code="1">0</subfield>
    <subfield code="2">ddc</subfield>
    <subfield code="4">0</subfield>
    <subfield code="7">0</subfield>
    <subfield code="a">SEACOMEC</subfield>
    <subfield code="b">SEACOMEC</subfield>
    <subfield code="d">2025-11-05</subfield>
    <subfield code="l">1</subfield>
    <subfield code="o">621.3 C435</subfield>
    <subfield code="p">13142</subfield>
    <subfield code="q">2026-04-01</subfield>
    <subfield code="r">2026-03-18 15:20:29</subfield>
    <subfield code="s">2026-03-18</subfield>
    <subfield code="t">10</subfield>
    <subfield code="w">2025-11-05</subfield>
    <subfield code="y">BOOK</subfield>
  </datafield>
  <datafield tag="952" ind1=" " ind2=" ">
    <subfield code="0">0</subfield>
    <subfield code="1">0</subfield>
    <subfield code="2">ddc</subfield>
    <subfield code="4">0</subfield>
    <subfield code="7">0</subfield>
    <subfield code="a">SEACOMEC</subfield>
    <subfield code="b">SEACOMEC</subfield>
    <subfield code="d">2025-11-05</subfield>
    <subfield code="l">1</subfield>
    <subfield code="o">621.3 C435</subfield>
    <subfield code="p">13143</subfield>
    <subfield code="r">2026-04-10 11:25:00</subfield>
    <subfield code="s">2026-03-18</subfield>
    <subfield code="t">11</subfield>
    <subfield code="w">2025-11-05</subfield>
    <subfield code="y">BOOK</subfield>
  </datafield>
  <datafield tag="952" ind1=" " ind2=" ">
    <subfield code="0">0</subfield>
    <subfield code="1">0</subfield>
    <subfield code="2">ddc</subfield>
    <subfield code="4">0</subfield>
    <subfield code="7">0</subfield>
    <subfield code="a">SEACOMEC</subfield>
    <subfield code="b">SEACOMEC</subfield>
    <subfield code="d">2025-11-05</subfield>
    <subfield code="l">1</subfield>
    <subfield code="o">621.3 C435</subfield>
    <subfield code="p">13144</subfield>
    <subfield code="r">2026-04-21 13:31:05</subfield>
    <subfield code="s">2026-03-18</subfield>
    <subfield code="t">12</subfield>
    <subfield code="w">2025-11-05</subfield>
    <subfield code="y">BOOK</subfield>
  </datafield>
  <datafield tag="952" ind1=" " ind2=" ">
    <subfield code="0">0</subfield>
    <subfield code="1">0</subfield>
    <subfield code="2">ddc</subfield>
    <subfield code="4">0</subfield>
    <subfield code="7">0</subfield>
    <subfield code="a">SEACOMEC</subfield>
    <subfield code="b">SEACOMEC</subfield>
    <subfield code="d">2025-11-05</subfield>
    <subfield code="l">0</subfield>
    <subfield code="o">621.3 C435</subfield>
    <subfield code="p">13145</subfield>
    <subfield code="r">2025-11-05 12:29:06</subfield>
    <subfield code="t">13</subfield>
    <subfield code="w">2025-11-05</subfield>
    <subfield code="y">BOOK</subfield>
  </datafield>
  <datafield tag="952" ind1=" " ind2=" ">
    <subfield code="0">0</subfield>
    <subfield code="1">0</subfield>
    <subfield code="2">ddc</subfield>
    <subfield code="4">0</subfield>
    <subfield code="7">0</subfield>
    <subfield code="a">SEACOMEC</subfield>
    <subfield code="b">SEACOMEC</subfield>
    <subfield code="d">2025-11-05</subfield>
    <subfield code="l">0</subfield>
    <subfield code="o">621.3 C435</subfield>
    <subfield code="p">13146</subfield>
    <subfield code="r">2025-11-05 12:29:06</subfield>
    <subfield code="t">14</subfield>
    <subfield code="w">2025-11-05</subfield>
    <subfield code="y">BOOK</subfield>
  </datafield>
  <datafield tag="999" ind1=" " ind2=" ">
    <subfield code="c">2629</subfield>
    <subfield code="d">2629</subfield>
  </datafield>
</record>
